[Event "EGY-ch final"]
[Site "Cairo"]
[Date "2007.12.08"]
[Round "7"]
[White "Zayan, Osama"]
[Black "Elgendy, Ahmed"]
[Result "1-0"]
[WhiteElo "2231"]
[BlackElo "2174"]
[PlyCount "61"]
[EventDate "2007.12.01"]
[EventType "swiss"]
[EventRounds "9"]
[EventCountry "EGY"]
[SourceTitle "EXT 2019"]
[Source "ChessBase"]
[SourceDate "2018.10.10"]
[SourceVersion "1"]
[SourceVersionDate "2018.10.10"]
[SourceQuality "1"]

1. e4 d6 2. d4 Nf6 3. Nc3 c6 4. a4 Qa5 5. Bd3 e5 6. Nge2 Nbd7 7. 0-0 exd4 8. Nxd4 Ne5 9. Be2 Be7 10. f4 Ng6 11. Kh1 h5 12. Be3 Ng4 13. Bg1 Bd7 14. Qd2 h4 15. b4 Qc7 16. Nf5 Nf6 17. Nxe7 Kxe7 18. e5 dxe5 19. Bc5+ Ke8 20. Bd6 Qb6 21. fxe5 Nh5 22. Bxh5 Rxh5 23. a5 Qa6 24. b5 cxb5 25. Nd5 Qc6 26. Nc7+ Kd8 27. Rxf7 a6 28. e6 Rd5 29. Qxd5 Qxd5 30. Rxd7+ Kc8 31. Nxd5 1-0

[Event "EGY-ch final"]
[Site "Cairo"]
[Date "2007.12.04"]
[Round "4"]
[White "Elgendy, Ahmed"]
[Black "Tork, Mohamed"]
[Result "0-1"]
[WhiteElo "2174"]
[BlackElo "2200"]
[PlyCount "48"]
[EventDate "2007.12.01"]
[EventType "swiss"]
[EventRounds "9"]
[EventCountry "EGY"]
[SourceTitle "EXT 2019"]
[Source "ChessBase"]
[SourceDate "2018.10.10"]
[SourceVersion "1"]
[SourceVersionDate "2018.10.10"]
[SourceQuality "1"]

1. e4 c5 2. Nf3 g6 3. d4 cxd4 4. Nxd4 Bg7 5. Nc3 Nc6 6. Be3 d6 7. Qd2 Nf6 8. f3 0-0 9. 0-0-0 Nxd4 10. Bxd4 Be6 11. Kb1 Qc7 12. g4 Rfc8 13. h4 Qa5 14. Bxf6 Rxc3 15. Qxc3 Qxa2+ 16. Kc1 Bxf6 17. Qa3 Qxa3 18. bxa3 Rc8 19. Be2 Be5 20. Kb1 Rc3 21. Rd3 Rc6 22. Re1 Rb6+ 23. Kc1 Bc4 24. Rd2 Ba2 0-1

[Event "EGY-ch final"]
[Site "Cairo"]
[Date "2007.12.02"]
[Round "2"]
[White "Salah, Ahmed"]
[Black "Elgendy, Ahmed"]
[Result "1-0"]
[WhiteElo "2033"]
[BlackElo "2174"]
[PlyCount "87"]
[EventDate "2007.12.01"]
[EventType "swiss"]
[EventRounds "9"]
[EventCountry "EGY"]
[SourceTitle "EXT 2019"]
[Source "ChessBase"]
[SourceDate "2018.10.10"]
[SourceVersion "1"]
[SourceVersionDate "2018.10.10"]
[SourceQuality "1"]

1. d4 Nf6 2. Nf3 b6 3. e3 Bb7 4. b3 Ne4 5. Bd3 e6 6. Bb2 d5 7. 0-0 Nd7 8. c4 Bd6 9. Nc3 a6 10. Ne2 g5 11. Ng3 g4 12. Ne5 h5 13. Bxe4 dxe4 14. Nxd7 Kxd7 15. d5 exd5 16. Bxh8 Qxh8 17. cxd5 Qe5 18. Re1 Bxd5 19. Qd4 h4 20. Qxe5 Bxe5 21. Rad1 Ke6 22. Ne2 a5 23. Nd4+ Bxd4 24. Rxd4 c5 25. Rd2 a4 26. bxa4 Rxa4 27. Red1 Bxa2 28. Rd6+ Ke5 29. Rxb6 Bc4 30. Rc1 Ra5 31. Rh6 Bd3 32. Rxh4 f5 33. Rh6 c4 34. Rc6 Kd5 35. Rc8 Rc5 36. Rxc5+ Kxc5 37. f4 Kb4 38. Kf2 c3 39. Ke1 Kb3 40. Ra1 Bc4 41. Ra8 c2 42. Kd2 Kb2 43. Rb8+ Bb3 44. Rc8 1-0